Địa danh Bạc Liêu
Sách trình bày tổng quan về địa danh và vài nét khái quát về tỉnh Bạc Liêu, phương thức định danh, ý nghĩa và đặc trưng văn hóa của địa danh Bạc Liêu.
Na minha lista:
| Autor principal: | |
|---|---|
| Formato: | Livro |
| Idioma: | Undetermined |
| Publicado em: |
Hà Nội
Dân trí
2011
|
| Assuntos: | |
| Tags: |
Adicionar Tag
Sem tags, seja o primeiro a adicionar uma tag!
|
| Thư viện lưu trữ: | Trung tâm Học liệu Trường Đại học Cần Thơ |
|---|
| LEADER | 00783nam a2200205Ia 4500 | ||
|---|---|---|---|
| 001 | CTU_167788 | ||
| 008 | 210402s9999 xx 000 0 und d | ||
| 082 | |a 915.9797 | ||
| 082 | |b T527 | ||
| 100 | |a Hồ, Xuân Tuyên | ||
| 245 | 0 | |a Địa danh Bạc Liêu | |
| 245 | 0 | |c Hồ Xuân Tuyên | |
| 260 | |a Hà Nội | ||
| 260 | |b Dân trí | ||
| 260 | |c 2011 | ||
| 520 | |a Sách trình bày tổng quan về địa danh và vài nét khái quát về tỉnh Bạc Liêu, phương thức định danh, ý nghĩa và đặc trưng văn hóa của địa danh Bạc Liêu. | ||
| 650 | |a Names, Geographical,Địa danh | ||
| 650 | |z Vietnam,Việt Nam | ||
| 904 | |i Trọng Hải | ||
| 980 | |a Trung tâm Học liệu Trường Đại học Cần Thơ | ||